000 00308nam a2200133Ia 4500
008 190216s9999||||xx |||||||||||||| ||und||
100 _aRaja Raman V
245 0 _aFundamentals Of Computers
250 _asecond
260 _bPrentice Hall India
_c1996
300 _a316 p
650 _aComputer
942 _cBK
999 _c8516
_d8516